LEADER 00797nam a2200253Ia 4500
008 240830s9999 xx 000 0 und d
020 |a 978-958-699-262-6 
040 |a B-ESTELÍ- RUACS / 330 V722 
041 |a spa 
082 |a 330 V722 
100 1 |a Villarreal Navarro, Julio E. 
245 1 0 |a Ingeniería económica 
260 |a Colombia  |b Pearson  |c 2013 
300 |a 148 p. 
650 7 |a INGENIERIA ECONOMICA 
650 7 |b  ESTADOS FINANCIEROS 
650 7 |c  INTERES Y COSTO DE OPORTUNIDAD 
650 7 |d  RELACIONES DE EQUIVALENCIA Y MATEMATICAS FINANCIERAS 
650 7 |e  INDICADORES DE BONDAD ECONOMICA 
650 7 |f  ORDENAMIENTO Y SELECCION DE ALTERNATIVAS DE INVERSION 
650 7 |g  CONSTRUCCION DE LOS FLUJOS DE CAJA DEL PROYECTO 
942 |c BK  |2 ddc 
991 |a TEXTO 
999 |c 10722